Colleges With Most NFL Draft Picks All Time - Statistics

General Stats
  • This quiz has been taken 28 times
  • The average score is 125 of 798
Answer Stats
College Number of Players Drafted % Correct
Alabama/Navy 1
96%
Michigan 428
96%
Michigan/Wisconsin 1
96%
Ohio 34
96%
Ohio State 514
96%
Alabama 428
92%
Army/Notre Dame 1
92%
Georgia 400
88%
Penn/Navy 1
88%
Texas 386
88%
Notre Dame 544
84%
Arkansas/Navy 1
80%
Florida 387
80%
George Washington 20
80%
Texas Tech 179
80%
USC 536
80%
Washington 333
80%
Army/Kansas 1
76%
Michigan State 325
76%
Oklahoma 426
76%
Oregon 261
76%
Texas A&M 319
76%
William Penn 4
76%
Florida State 291
72%
Louisiana State 395
72%
North Carolina 255
72%
Army/Houston 1
68%
Army/Kansas State 1
68%
Army/Missouri 1
68%
Army/West Virginia 1
68%
Clemson 292
68%
Iowa 288
68%
Kentucky 222
68%
Mississippi/Army 1
68%
Navy/Syracuse 1
68%
Penn State 402
68%
Texas A&M-Kingsville 6
68%
Harvard 21
64%
Nebraska 371
64%
Nebraska-Omaha 21
64%
Oregon State 173
64%
South Carolina 229
64%
Stanford 282
64%
Tennessee 372
64%
Washington State 202
64%
Colorado 280
60%
Duke 164
60%
Indiana 182
60%
Kansas 175
60%
Minnesota 286
60%
Mississippi 271
60%
Oklahoma State 176
60%
Syracuse/Army 1
60%
UCLA 344
60%
Utah 181
60%
Wisconsin 301
60%
Wisconsin-Eau Claire 2
60%
Wisconsin-Lawrence 1
60%
Wisconsin-Platteville 1
60%
Wisconsin-River Falls 2
60%
Army/Mississippi State 2
56%
Auburn 308
56%
Brigham Young 155
56%
California 250
56%
Delaware 29
56%
Idaho 77
56%
Illinois 263
56%
Navy 21
56%
North Carolina State 182
56%
Texas Christian 220
56%
Virginia 169
56%
Wyoming 87
56%
Yale 47
56%
Arizona 195
52%
Arizona State 260
52%
Arkansas 287
52%
Army/Villanova 2
52%
Boise State 75
52%
Cincinnati 139
52%
Louisville 139
52%
Missouri 241
52%
Montana 49
52%
Pittsburg State 1
52%
Toledo 64
52%
Tulsa/Army 1
52%
Army 26
48%
Army/Beloit 1
48%
Army/Colorado College 1
48%
Army/William Jewell 1
48%
Baylor 251
48%
Boston College 223
48%
Georgia Tech 223
48%
Houston 189
48%
Kansas State 158
48%
North Dakota 24
48%
Southern 77
48%
Utah State 117
48%
West Virginia 200
48%
Buffalo 16
44%
Colorado State 107
44%
Colorado State-Pueblo 1
44%
Connecticut 46
44%
Eastern Michigan 31
44%
Georgia State 5
44%
Indiana State 15
44%
Iowa State 133
44%
Louisiana 1
44%
Louisiana-Lafayette 19
44%
Louisiana Tech 69
44%
Maryland 237
44%
Montana State 36
44%
Nevada 62
44%
Northwestern 190
44%
San Diego 2
44%
Vanderbilt 128
44%
Virginia Tech 167
44%
Western Michigan 55
44%
Air Force 10
40%
Fresno State 111
40%
Memphis 40
40%
Miami (OH) 81
40%
Mississippi State 214
40%
North Dakota State 49
40%
Purdue 295
40%
Rutgers 71
40%
San Diego State 164
40%
South Dakota 18
40%
Syracuse 206
40%
Tulane 152
40%
Akron 17
36%
Bowling Green 67
36%
Brown 27
36%
Cornell 33
36%
East Carolina 67
36%
Hawaii 73
36%
Idaho State 26
36%
Maine 17
36%
Massachusetts 26
36%
Nevada-Las Vegas 6
36%
Pennsylvania 52
36%
South Dakota State 34
36%
UNLV 39
36%
Alabama-Birmingham 16
32%
Alabama State 22
32%
Appalachian State 33
32%
Arkansas State 51
32%
Austin 7
32%
Central Florida 53
32%
Central Michigan 44
32%
Chicago 2
32%
Eastern Washington 18
32%
Howard 12
32%
Howard Payne 17
32%
Jackson State 101
32%
Liberty 10
32%
Marshall 47
32%
Missouri State 3
32%
New Mexico 67
32%
Rhode Island 14
32%
Rice 131
32%
San Francisco 31
32%
San Jose State 108
32%
South Carolina State 58
32%
Stephen F. Austin 34
32%
Temple 81
32%
Tennessee State 109
32%
Texas-El Paso 93
32%
Texas-San Antonio 5
32%
Texas State 3
32%
Villanova 76
32%
Wake Forest 149
32%
Western Kentucky 41
32%
Coastal Carolina 9
28%
Columbia 18
28%
Dayton 43
28%
Delaware State 10
28%
Florida Atlantic 10
28%
Florida International 10
28%
Georgetown 1
28%
Gonzaga 5
28%
New Hampshire 18
28%
New Mexico State 54
28%
Northern Illinois 41
28%
Northern Iowa 23
28%
North Texas 6
28%
Princeton 31
28%
South Alabama 4
28%
Southern Methodist 178
28%
South Florida 30
28%
Tulsa 174
28%
Vermont 3
28%
Alcorn State 54
24%
Austin Peay 5
24%
Dartmouth 28
24%
Drake 39
24%
Eastern Kentucky 34
24%
Florida A&M 66
24%
Georgia Southern 15
24%
Grambling State 120
24%
Illinois State 17
24%
Kent State 42
24%
Lafayette 6
24%
Lehigh 17
24%
Miami (FL) 378
24%
Morehead State 10
24%
Murray State 20
24%
Northern Arizona 35
24%
Southern Illinois 28
24%
Southern Mississippi 116
24%
St. Louis 5
24%
Youngstown State 24
24%
Alabama A&M 20
20%
Arkansas-Pine Bluff 27
20%
Ball State 30
20%
California-Davis 17
20%
Central Arkansas 13
20%
Charlotte 3
20%
Colgate 41
20%
Davidson 4
20%
Eastern Illinois 14
20%
East Tennessee State 10
20%
Hofstra 12
20%
Jacksonville State 12
20%
James Madison 16
20%
Louisiana-Monroe 7
20%
Marquette 52
20%
Middle Tennessee 3
20%
Morgan State 36
20%
North Alabama 19
20%
Northeastern 9
20%
Presbyterian 9
20%
Sacramento State 12
20%
Southern Utah 4
20%
Tampa 21
20%
Tennessee Tech 16
20%
Weber State 38
20%
Wichita 1
20%
Abilene Christian 34
16%
Bucknell 23
16%
Cal Poly 4
16%
Cal Poly-Pomona 1
16%
Cal Poly-San Luis Obispo 28
16%
Charleston 2
16%
Chattanooga 4
16%
Creighton 4
16%
Detroit 45
16%
Duquesne 23
16%
Elon 16
16%
Ferris State 1
16%
Furman 31
16%
Hampton 20
16%
Lamar 18
16%
Long Beach State 30
16%
Marist 1
16%
Mississippi Valley State 20
16%
Monmouth 4
16%
Norfolk State 20
16%
North Carolina A&T 34
16%
Northern Colorado 10
16%
Northwestern State 1
16%
NYU 3
16%
Omaha 2
16%
Pittsburgh 304
16%
Pittsburgh-Johnstown 1
16%
Pittsburgh State 1
16%
Pittsburgh State (KS) 1
16%
Portland 1
16%
Richmond 50
16%
Samford 6
16%
Savannah State 2
16%
Southeast Missouri State 16
16%
St. Bonaventure 10
16%
Stetson 2
16%
St. John's 2
16%
Tennessee-Martin 12
16%
Texas Southern 50
16%
Troy 37
16%
Virginia Military Inst 20
16%
Virginia State 10
16%
West Alabama 5
16%
Western Illinois 34
16%
West Georgia 2
16%
Wofford 3
16%
Xavier 40
16%
Bethune-Cookman 31
12%
Boston University 45
12%
Butler 2
12%
Central Missouri 1
12%
Citadel 13
12%
Denver 30
12%
DePaul 1
12%
Fordham 32
12%
Grand Valley State 8
12%
Holy Cross 75
12%
Houston Christian 1
12%
John Carroll 16
12%
Kennesaw State 1
12%
Kentucky State 17
12%
McNeese 1
12%
Memphis State 84
12%
Michigan Tech 3
12%
Minot State 2
12%
Mount Union 3
12%
Old Dominion 5
12%
Pepperdine 2
12%
Prairie View 8
12%
Providence 2
12%
Sacred Heart 1
12%
St. Francis 1
12%
St. Francis (IL) 1
12%
St. Francis (NY) 1
12%
St. Mary's (MN) 1
12%
St. Mary's (TX) 1
12%
Tarleton State 5
12%
Texas A&M-Commerce 2
12%
Valparaiso 6
12%
Wayne State 7
12%
West Virginia State 1
12%
Wichita State 36
12%
William & Mary 73
12%
Alma 2
8%
California-Santa Barbara 7
8%
Cal State-Chico 2
8%
Cal State-Humboldt 3
8%
Cal State-Long Beach 2
8%
Cal State-Los Angeles 17
8%
Cal State-Northridge 2
8%
Cal State-Sacramento 2
8%
Cal State-San Francisco 8
8%
Canisius 4
8%
Carroll 1
8%
Central Washington 5
8%
Clark 7
8%
Concord 1
8%
Delta State 5
8%
Evansville 5
8%
Fayetteville State 3
8%
Findlay 5
8%
Fort Valley State 5
8%
Ft. Valley State 4
8%
Harding 4
8%
Kansas City 1
8%
Lake Forest 2
8%
Lenoir-Rhyne 10
8%
Lindenwood 1
8%
Middle Tennessee State 30
8%
Niagara 2
8%
Nicholls State 16
8%
North Carolina Central 38
8%
Northern Michigan 22
8%
Oklahoma A&M 1
8%
Portland State 16
8%
Saginaw Valley State 4
8%
Sam Houston State 29
8%
Shaw 3
8%
Slippery Rock 5
8%
Southeastern Louisiana 18
8%
Towson 5
8%
Tuskegee 23
8%
Wagner 4
8%
Western Carolina 8
8%
Wingate 2
8%
Winona State 2
8%
Wisconsin-Whitewater 4
8%
Albany State 17
4%
Albion 5
4%
Allen 3
4%
American International 8
4%
Angelo State 11
4%
Arkansas-Monticello 2
4%
Arkansas Tech 10
4%
Ashland 4
4%
Bemidji State 2
4%
Bentley 1
4%
Bethel 1
4%
Bishop 12
4%
Bluefield State 1
4%
Bowdoin 1
4%
Bradley 17
4%
British Columbia 1
4%
Carnegie-Mellon 7
4%
Carson-Newman 12
4%
Carthage 1
4%
Centenary 5
4%
Central Connecticut St. 2
4%
Chadron State 3
4%
Colby 2
4%
Colorado College 6
4%
Colorado Mines 6
4%
Concordia 5
4%
Dakota State 1
4%
De Pauw 1
4%
Dubuque 2
4%
Eastern Oregon 2
4%
Elizabeth City 1
4%
Fort Hays State 3
4%
Gardner-Webb 5
4%
Gustavus Adolphus 13
4%
Haverford 1
4%
Henderson State 8
4%
Hillsdale 13
4%
Hobart 3
4%
Johns Hopkins 1
4%
Johnson C. Smith 14
4%
Kalamazoo 1
4%
LaSalle 1
4%
Lawrence 3
4%
Lewis 1
4%
Lock Haven 2
4%
Luther 3
4%
Manhattan 4
4%
Mansfield 1
4%
Marietta 1
4%
Maryland-Eastern Shore 16
4%
Maryland State 10
4%
Miles 1
4%
Millikin 3
4%
Minnesota-Duluth 6
4%
Mississippi College 7
4%
Missouri-Rolla 3
4%
Missouri Western 4
4%
Montana Tech 1
4%
Moorhead State 2
4%
New Haven 4
4%
Northeast Missouri 1
4%
Ohio Wesleyan 2
4%
Oklahoma City 6
4%
Ouachita Baptist 1
4%
Pacific 76
4%
Puget Sound 5
4%
Robert Morris 1
4%
Santa Barbara 3
4%
Shepherd 2
4%
Shippensburg 4
4%
Sioux Falls 2
4%
South Dakota Tech 2
4%
Southern Arkansas 1
4%
Southern Oregon 4
4%
Southwestern 1
4%
Southwestern (KS) 1
4%
Southwestern (TX) 1
4%
St. Edward's 1
4%
St. Norbert 11
4%
St. Olaf 3
4%
St. Vincent 6
4%
Tufts 3
4%
Tusculum 1
4%
University of the South 1
4%
Valdosta State 6
4%
Virginia Union 15
4%
Washington & Lee 16
4%
Wesleyan 4
4%
Western Colorado 3
4%
Western Oregon 3
4%
Wisconsin-La Crosse 8
4%
Wisconsin-Milwaukee 2
4%
Wisconsin-Oshkosh 3
4%
Wisconsin-Stout 4
4%
Wisconsin-Superior 3
4%
Adams State 8
0%
Alberta 1
0%
Albright 2
0%
Alfred 1
0%
Allegheny 2
0%
Amherst 4
0%
Anderson 1
0%
Arkansas A&M 1
0%
Arkansas City J.C. 1
0%
Arlington State 2
0%
Arnold 1
0%
Augustana (IL) 2
0%
Augustana (SD) 5
0%
Azusa Pacific 4
0%
Bakersfield J.C. 3
0%
Baldwin-Wallace 13
0%
Beloit 1
0%
Benedictine 11
0%
Black Hills State (SD) 1
0%
Bloomsburg (PA) 6
0%
Bluefield (WV) 1
0%
Bluffton 1
0%
Boise J.C. 2
0%
Brandeis 1
0%
Bridgeport 1
0%
Butte J.C. 1
0%
California-Lutheran 3
0%
California (PA) 3
0%
California-Riverside 3
0%
Cal Lutheran 1
0%
Cameron 5
0%
Cameron State 1
0%
Capital 5
0%
Carroll College 1
0%
Case Western Reserve 12
0%
Catawba 14
0%
Catholic University 3
0%
Central Iowa 2
0%
Central Missouri State 11
0%
Central State (OH) 16
0%
Central State (OK) 18
0%
Centre 3
0%
Cheyney (PA) 1
0%
Chico State 3
0%
Claremont Mudd 1
0%
Clarion 3
0%
Coffeyville J.C. 1
0%
College of Idaho 5
0%
College of the Ozarks 1
0%
Compton J.C. 5
0%
Concordia (MN) 4
0%
Concordia-St. Paul 1
0%
Contra Costa J.C. 1
0%
Cornell College (IA) 1
0%
Corpus Christi State 2
0%
Cortland State 1
0%
C.W. Post 8
0%
Dakota Wesleyan 1
0%
Davis & Elkins 2
0%
Defiance 1
0%
Delaware Valley 2
0%
Denison 4
0%
Dickinson 1
0%
Doane 3
0%
East Central (OK) 4
0%
East Central Oklahoma 3
0%
Eastern Montana 3
0%
Eastern New Mexico 5
0%
East Illinois Teachers 1
0%
East New Mexico 1
0%
East Stroudsburg 1
0%
East Stroudsburg (PA) 2
0%
East Texas State 41
0%
Edinboro 1
0%
Edward Waters 3
0%
Elizabeth City State 5
0%
Elon College 1
0%
Emory & Henry 3
0%
Emporia State 12
0%
Eureka (IL) 1
0%
Fairmont State 6
0%
Fairmount (W. Va.) 1
0%
Ferrum 1
0%
Fisk 6
0%
Fort Lewis 1
0%
Frandlin (Ind.) 1
0%
Franklin & Marshall 3
0%
Frostburg State (MD) 2
0%
Fullerton State 20
0%
Geneva 4
0%
George Fox (Ore) 1
0%
Georgetown (DC) 24
0%
Georgetown (KY) 2
0%
Gettysburg 1
0%
Glenville State 1
0%
Gray's Harbor J.C. 1
0%
Guilford 2
0%
Hamline 5
0%
Hampden-Sydney 2
0%
Hanover 1
0%
Hanover (Ind) 1
0%
Harding College 1
0%
Hardin-Simmons 36
0%
Hastings 2
0%
Heidelberg 5
0%
Henderson J.C. 2
0%
Hinds J.C. (MI) 1
0%
Humboldt State 8
0%
Huron 2
0%
Illinois Normal 1
0%
Illinois Wesleyan 4
0%
Indiana (PA) 7
0%
International Program 1
0%
Itawamba C.C. 1
0%
Ithaca 1
0%
Jamestown 1
0%
J.C. Smith 1
0%
Kansas Wesleyan 1
0%
Kearney (Neb.) 2
0%
Kearney State 6
0%
Kenyon 2
0%
Kings Point 1
0%
Kirksville 1
0%
Knox 1
0%
Knoxville 4
0%
Knoxville College 1
0%
Kutztown (PA) 4
0%
Lacrosse 1
0%
LaCrosse (Wisc) 1
0%
Lakeland (Wis) 1
0%
Lamar Tech 2
0%
Lamar University 2
0%
Lambuth (TN) 1
0%
Lane 3
0%
Langston 14
0%
LaVerne 2
0%
La Verne 1
0%
Lebanon Valley 1
0%
Lewis & Clark 3
0%
Lincoln (MO) 11
0%
Lincoln (PA) 1
0%
Linfield (OR) 7
0%
Livingstone (NC) 7
0%
Long Beach C.C. 1
0%
Loras 3
0%
Los Angeles State 1
0%
Louisiana College 2
0%
Loyola (CA) 11
0%
Loyola (LA) 3
0%
Macalester 2
0%
Manitoba 1
0%
Mankato State 4
0%
Mars Hill 3
0%
Massachusetts-Boston 1
0%
Mayville 2
0%
Mayville (N.D.) 1
0%
McGill 2
0%
McMurry 13
0%
McNeese State 31
0%
Merchant Marine 1
0%
Mesa Jr. College 2
0%
Mesa State 5
0%
Mexico City College 1
0%
Middlebury 3
0%
Midland (Neb.) 1
0%
Midwestern State (TX) 7
0%
Millersville (PA) 3
0%
Mississipi State 2
0%
Mississippi Delta 1
0%
Missouri Southern State 4
0%
Missouri Valley 7
0%
Missouri Valley College 1
0%
Montclair State 1
0%
Moorhead (MN) 1
0%
Morehouse (GA) 3
0%
Morningside 5
0%
Morris Brown 12
0%
Morris Harvey 2
0%
Mt. San Antonio JC 1
0%
Muhlenberg 10
0%
Muskingum 5
0%
Nebraska-Wesleyan 2
0%
N.E. Louisiana 30
0%
N.E. Missouri 5
0%
N.E. Missouri State 3
0%
NE Oklahoma State 1
0%
Newberry 3
0%
Newberry College 1
0%
New Mexico Highlands 7
0%
North Carolina-Charlotte 2
0%
North Carolina College 3
0%
Northeastern State (OK) 15
0%
Northeast Louisiana 3
0%
Northeast Missouri State 1
0%
Northern Montana 1
0%
Northern State (SD) 2
0%
Northland 1
0%
North Park (Ill.) 1
0%
North Texas State 72
0%
Northwestern (Iowa) 3
0%
Northwestern Oklahoma 4
0%
Northwestern State (LA) 45
0%
Northwest Missouri State 8
0%
Norwich 1
0%
Occidental 7
0%
Olivet (Mich) 1
0%
Oregon Tech 5
0%
Ottawa (KS) 3
0%
Otterbein 3
0%
Pacific Lutheran 5
0%
Pandhandle State 1
0%
Panola J.C. 1
0%
Parsons 4
0%
Parsons (Iowa) 1
0%
Pasadena C.C. 1
0%
Pasadena City College 1
0%
Pearl River C.C. 1
0%
Peru 1
0%
Peru State 1
0%
Philander Smith 1
0%
Pittsburg (KS) 2
0%
Pittsburg State (KS) 6
0%
Platteville (Wis) 2
0%
Pomona 2
0%
Pomona-Pitzer 1
0%
Prairie View A&M 25
0%
Queens University 1
0%
Redlands 2
0%
Regina 1
0%
Rensselaer 1
0%
Ripon 4
0%
Rochester 3
0%
Rollins 1
0%
Rowan 1
0%
Salem 4
0%
Samford (Ala) 2
0%
San Bernardino Valley 1
0%
San Diego J.C. 1
0%
San Fernando Valley 3
0%
San Francisco State 7
0%
Santa Ana 1
0%
Santa Ana JC 1
0%
Santa Clara 53
0%
Scranton 15
0%
SE Louisiana 1
0%
SE Oklahoma State 1
0%
S.F. Austin 1
0%
Shepherd College 1
0%
Shurtleff 3
0%
Simpson 3
0%
Sonoma State 2
0%
South Dakota-Springfield 2
0%
Southeastern Oklahoma 3
0%
Southern Colorado 2
0%
Southern Colorado State 1
0%
Southern Connecticut 4
0%
Southern Connecticut State 1
0%
Southwestern Louisiana 24
0%
Southwestern Oklahoma State 3
0%
Southwest J.C. (MS) 1
0%
Southwest Missouri State 6
0%
Southwest Texas State 36
0%
Springfield (MA) 6
0%
St. Ambrose 7
0%
St. Anselm's 1
0%
St. Augustine's 3
0%
St. Benedict's 2
0%
St. Cloud State 2
0%
Sterling (KS) 1
0%
Stillman 1
0%
St. John's (MN) 8
0%
St. Joseph's (IN) 4
0%
St. Lawrence 1
0%
St. Mary's (CA) 40
0%
St. Pauls 1
0%
St. Thomas (MN) 10
0%
Sul Ross 7
0%
Susquehanna 2
0%
SW Minnesota 2
0%
SW Missouri State 10
0%
SW Tennessee 1
0%
Tarkio 1
0%
Tennessee A&I 8
0%
Tennessee-Chattanooga 43
0%
Texas A&I 42
0%
Texas-Arlington 29
0%
Texas Western 4
0%
Thiel 1
0%
Toronto 1
0%
Towson State 1
0%
Trinity 7
0%
Trinity (CT) 9
0%
Trinity (TX) 12
0%
Tyler J.C. 1
0%
Union College 1
0%
Union (NY) 1
0%
Union (TN) 1
0%
Upper Iowa 1
0%
Upsala 1
0%
U.S. International 6
0%
Valley City (ND) 1
0%
Wabash 5
0%
Washburn 7
0%
Washington & Jefferson 2
0%
Washington (MO) 6
0%
Waynesburg 5
0%
Wayne State (MI) 1
0%
Wayne State (NE) 4
0%
Wenatchee Valley J.C. 1
0%
West Chester (PA) 13
0%
Western Maryland 2
0%
Western Montana 1
0%
Western New Mexico 2
0%
Western Ontario 3
0%
Western State (CO) 1
0%
Western Washington 1
0%
West Liberty 1
0%
Westminster 1
0%
Westminster (PA) 2
0%
West Texas A&M 3
0%
West Texas State 60
0%
West Virginia Tech 4
0%
West Virginia Wesleyan 1
0%
Wheaton 4
0%
Whitewater 2
0%
Whitewater (Wis) 1
0%
Whittier 7
0%
Whitworth 7
0%
Widener 5
0%
Wiley 2
0%
Willamette 7
0%
William Jewell 1
0%
Williams 3
0%
Wilmington (OH) 1
0%
Winston-Salem State 15
0%
Wisconsin-Stevens Point 6
0%
Wittenberg 3
0%
Wooster 1
0%
Yankton 5
0%
No matching quizzes found
Score Distribution
Percent of People with Each Score
Percentile by Number Answered
Your Score History
You have not taken this quiz